00565nam a22001337a 4500008004100000020001800041040005500059080002200114245019000136260005500326300001500381650001200396700002300408230428b |||||||| |||| 00| 0 eng d a0-919558-00-3 aNational Science LibrarycNational Science Library a519.1(082.2) bL0 aTime series and stochastic processes, convexity and combinatorics: bProceedings of the twelfth biennial seminar of the Canadian Mathematical Congress c/ Canadian Mathematical Congress aMontreal: bCanadian Mathematical Congress, c1970 axiv, 279p. aScience aPyke, Ronald (Ed.)